| 000 | 00838nam a22002057a 4500 | ||
|---|---|---|---|
| 008 | 131028b xxu||||| |||| 00| 0 alb d | ||
| 041 | 0 | _aalb | |
| 080 |
_a323.1 _x(496.51)(081) |
||
| 245 | 0 | 0 |
_aPresidenti Sejdiu : _c[përgatitën librin Xhavit Beqiri, Safet Zejnullahu]. |
| 260 |
_aPrishtinë : _bDepartamenti për Informim dhe Komunikim me Publikun i Zyrës së Presidentit ; _c2009. |
||
| 300 |
_a 390 f. : _bme il ; _c25 cm. |
||
| 600 | 1 | 4 |
_aFatmir Sejdiu _cPresident _d1951- _xIntervista _xLetërkëmbimi _y2006-2009 |
| 650 | 0 |
_aPresidentët _zKosovë |
|
| 650 | 0 |
_xPolitika dhe qeverisja _zKosova |
|
| 650 | 0 |
_aKosova _xMarrëdhëniet me jashtë |
|
| 700 | 1 |
_aSejdiu, Fatmir _cPresidenti _d1951 |
|
| 700 | 1 | _aBeqiri, Xhavit | |
| 700 | 1 | _aZejnullahu, Safet | |
| 942 |
_2udc _cBK |
||
| 999 |
_c158 _d158 |
||